[Event "DVM U16 2023"]
[Site "Magdeburg GER"]
[Date "2023.12.29"]
[Round "5"]
[White "Herter, Arne"]
[Black "Mohylnyi, Stepan"]
[Result "1/2-1/2"]
[Termination "normal"]
[Board "1.1"]
[WhiteElo "1992"]
[BlackElo "2180"]
[WhiteClock "00:13:29"]
[BlackClock "00:35:03"]
[WhiteTeam "Schachzwerge Magdeburg"]
[BlackTeam "SC Noris-Tarrasch Nürnberg 1873"]
[PlyCount "102"]
[WhiteFideId "16255372"]
[BlackFideId "34127836"]
[EventCountry "GER"]
[EventRounds "7"]
[EventType "team-swiss"]
[EventDate "2023.12.26"]

1. e4 {[%clk 01:30:58]} {[%emt 00:00:01]} c5 {[%clk 01:30:56]} {[%emt
00:00:04]} 2. Nf3 {[%clk 01:31:21]} {[%emt 00:00:07]} e6 {[%clk 01:31:20]}
{[%emt 00:00:06]} 3. d4 {[%clk 01:31:44]} {[%emt 00:00:07]} cxd4 {[%clk
01:31:37]} {[%emt 00:00:13]} 4. Nxd4 {[%clk 01:32:06]} {[%emt 00:00:08]} a6
{[%clk 01:31:29]} {[%emt 00:00:37]} 5. Bd3 {[%clk 01:32:29]} {[%emt 00:00:08]}
Nf6 {[%clk 01:31:42]} {[%emt 00:00:17]} 6. Nc3 {[%clk 01:32:35]} {[%emt
00:00:24]} Qc7 {[%clk 01:32:05]} {[%emt 00:00:06]} 7. a3 {[%clk 01:25:16]}
{[%emt 00:07:50]} Nc6 {[%clk 01:30:47]} {[%emt 00:01:48]} 8. Be3 {[%clk
01:20:36]} {[%emt 00:05:09]} b5 {[%clk 01:26:36]} {[%emt 00:04:41]} 9. Nxc6
{[%clk 01:18:04]} {[%emt 00:03:02]} dxc6 {[%clk 01:25:05]} {[%emt 00:02:01]}
10. O-O {[%clk 01:14:36]} {[%emt 00:03:58]} c5 {[%clk 01:21:22]} {[%emt
00:04:14]} 11. f4 {[%clk 01:11:41]} {[%emt 00:03:25]} Bb7 {[%clk 01:20:41]}
{[%emt 00:01:11]} 12. e5 {[%clk 01:08:41]} {[%emt 00:03:29]} Nd5 {[%clk
01:20:50]} {[%emt 00:00:21]} 13. Nxd5 {[%clk 01:06:35]} {[%emt 00:02:37]} Bxd5
{[%clk 01:20:56]} {[%emt 00:00:24]} 14. c4 {[%clk 01:01:20]} {[%emt 00:05:44]}
bxc4 {[%clk 01:18:47]} {[%emt 00:02:40]} 15. Bc2 {[%clk 00:54:26]} {[%emt
00:07:24]} Rb8 {[%clk 01:14:02]} {[%emt 00:05:15]} 16. Ba4+ {[%clk 00:51:57]}
{[%emt 00:02:57]} Bc6 {[%clk 01:14:13]} {[%emt 00:00:21]} 17. Qc2 {[%clk
00:50:03]} {[%emt 00:02:24]} Be7 {[%clk 01:12:03]} {[%emt 00:02:40]} 18. Qxc4
{[%clk 00:47:59]} {[%emt 00:02:33]} O-O {[%clk 01:10:10]} {[%emt 00:02:24]} 19.
Qxa6 {[%clk 00:39:13]} {[%emt 00:09:15]} Bxa4 {[%clk 01:05:03]} {[%emt
00:05:37]} 20. Qxa4 {[%clk 00:39:37]} {[%emt 00:00:06]} Rxb2 {[%clk 01:05:16]}
{[%emt 00:00:18]} 21. Rad1 {[%clk 00:27:41]} {[%emt 00:12:25]} Qb7 {[%clk
00:56:44]} {[%emt 00:09:02]} 22. Bf2 {[%clk 00:18:19]} {[%emt 00:09:52]} Ra8
{[%clk 00:54:24]} {[%emt 00:02:50]} 23. Qd7 {[%clk 00:18:22]} {[%emt 00:00:27]}
Qxd7 {[%clk 00:37:56]} {[%emt 00:16:59]} 24. Rxd7 {[%clk 00:18:49]} {[%emt
00:00:02]} Bf8 {[%clk 00:37:23]} {[%emt 00:01:04]} 25. Rc1 {[%clk 00:14:19]}
{[%emt 00:04:59]} h6 {[%clk 00:33:39]} {[%emt 00:04:14]} 26. h3 {[%clk
00:09:38]} {[%emt 00:05:12]} Rc8 {[%clk 00:27:20]} {[%emt 00:06:49]} 27. Rd3
{[%clk 00:07:47]} {[%emt 00:02:21]} Ra2 {[%clk 00:20:50]} {[%emt 00:07:00]} 28.
Rdc3 {[%clk 00:06:08]} {[%emt 00:02:08]} Rb8 {[%clk 00:20:52]} {[%emt
00:00:29]} 29. R1c2 {[%clk 00:05:23]} {[%emt 00:01:14]} Rxc2 {[%clk 00:18:05]}
{[%emt 00:03:18]} 30. Rxc2 {[%clk 00:05:51]} {[%emt 00:00:01]} Ra8 {[%clk
00:18:21]} {[%emt 00:00:14]} 31. Rc4 {[%clk 00:02:53]} {[%emt 00:03:28]} Rxa3
{[%clk 00:15:43]} {[%emt 00:03:09]} 32. Bxc5 {[%clk 00:03:20]} {[%emt
00:00:02]} Bxc5+ {[%clk 00:15:55]} {[%emt 00:00:18]} 33. Rxc5 {[%clk 00:03:48]}
{[%emt 00:00:02]} Kh7 {[%clk 00:16:18]} {[%emt 00:00:08]} 34. Rc7 {[%clk
00:03:02]} {[%emt 00:01:15]} Kg6 {[%clk 00:16:15]} {[%emt 00:00:34]} 35. Kf2
{[%clk 00:02:39]} {[%emt 00:00:53]} f6 {[%clk 00:15:33]} {[%emt 00:01:12]} 36.
exf6 {[%clk 00:01:47]} {[%emt 00:01:21]} Kxf6 {[%clk 00:15:09]} {[%emt
00:00:55]} 37. Rc5 {[%clk 00:01:36]} {[%emt 00:00:40]} g5 {[%clk 00:15:02]}
{[%emt 00:00:38]} 38. fxg5+ {[%clk 00:01:27]} {[%emt 00:00:39]} hxg5 {[%clk
00:15:27]} {[%emt 00:00:04]} 39. Rc8 {[%clk 00:01:21]} {[%emt 00:00:36]} e5
{[%clk 00:14:14]} {[%emt 00:01:44]} 40. Rf8+ {[%clk 00:00:52]} {[%emt
00:00:58]} Ke6 {[%clk 00:13:46]} {[%emt 00:00:58]} 41. g4 {[%clk 00:21:55]}
{[%emt 00:09:28]} Rxh3 {[%clk 00:38:36]} {[%emt 00:05:40]} 42. Rg8 {[%clk
00:22:04]} {[%emt 00:00:20]} Kd5 {[%clk 00:37:21]} {[%emt 00:01:45]} 43. Rxg5
{[%clk 00:21:25]} {[%emt 00:01:09]} Ke4 {[%clk 00:35:44]} {[%emt 00:02:08]} 44.
Rg8 {[%clk 00:20:15]} {[%emt 00:01:39]} Kf4 {[%clk 00:35:59]} {[%emt 00:00:15]}
45. g5 {[%clk 00:19:02]} {[%emt 00:01:44]} Rh2+ {[%clk 00:35:12]} {[%emt
00:01:17]} 46. Kf1 {[%clk 00:18:49]} {[%emt 00:00:43]} Rh5 {[%clk 00:34:46]}
{[%emt 00:00:56]} 47. g6 {[%clk 00:16:04]} {[%emt 00:03:15]} Ke3 {[%clk
00:34:30]} {[%emt 00:00:45]} 48. g7 {[%clk 00:13:38]} {[%emt 00:02:56]} Rf5+
{[%clk 00:34:58]} {[%emt 00:00:02]} 49. Kg2 {[%clk 00:13:30]} {[%emt 00:00:39]}
e4 {[%clk 00:34:43]} {[%emt 00:00:44]} 50. Kh3 {[%clk 00:13:07]} {[%emt
00:00:53]} Rg5 {[%clk 00:35:04]} {[%emt 00:00:08]} 51. Kh4 {[%clk 00:13:29]}
{[%emt 00:00:09]} Rg1 {[%clk 00:35:03]} {[%emt 00:00:30]} 1/2-1/2

[Event "DVM U16 2023"]
[Site "Magdeburg GER"]
[Date "2023.12.29"]
[Round "5"]
[White "Deschler, Arne"]
[Black "Udelnov, Valentin"]
[Result "1/2-1/2"]
[Termination "normal"]
[Board "1.2"]
[WhiteElo "1953"]
[BlackElo "2003"]
[WhiteClock "01:01:37"]
[BlackClock "00:12:37"]
[WhiteTeam "SC Noris-Tarrasch Nürnberg 1873"]
[BlackTeam "Schachzwerge Magdeburg"]
[PlyCount "68"]
[WhiteFideId "16274415"]
[BlackFideId "16265734"]
[EventCountry "GER"]
[EventRounds "7"]
[EventType "team-swiss"]
[EventDate "2023.12.26"]

1. e4 {[%clk 01:30:59]} e5 {[%clk 01:30:55]} {[%emt 00:00:06]} 2. Nf3 {[%clk
01:31:26]} {[%emt 00:00:03]} Nc6 {[%clk 01:31:21]} {[%emt 00:00:03]} 3. Nc3
{[%clk 01:31:53]} {[%emt 00:00:03]} Nf6 {[%clk 01:31:46]} {[%emt 00:00:05]} 4.
d4 {[%clk 01:32:20]} {[%emt 00:00:03]} exd4 {[%clk 01:32:11]} {[%emt 00:00:05]}
5. Nxd4 {[%clk 01:32:49]} {[%emt 00:00:02]} Bb4 {[%clk 01:32:28]} {[%emt
00:00:12]} 6. Nxc6 {[%clk 01:33:14]} {[%emt 00:00:05]} bxc6 {[%clk 01:32:54]}
{[%emt 00:00:04]} 7. Bd3 {[%clk 01:33:40]} {[%emt 00:00:04]} d5 {[%clk
01:33:10]} {[%emt 00:00:13]} 8. exd5 {[%clk 01:34:06]} {[%emt 00:00:05]} cxd5
{[%clk 01:33:36]} {[%emt 00:00:04]} 9. O-O {[%clk 01:34:29]} {[%emt 00:00:05]}
O-O {[%clk 01:34:01]} {[%emt 00:00:07]} 10. h3 {[%clk 01:34:57]} {[%emt
00:00:02]} c6 {[%clk 01:31:34]} {[%emt 00:02:57]} 11. Qf3 {[%clk 01:35:22]}
{[%emt 00:00:05]} Rb8 {[%clk 01:26:23]} {[%emt 00:05:41]} 12. Bf4 {[%clk
01:34:50]} {[%emt 00:01:02]} Bd6 {[%clk 01:26:40]} {[%emt 00:00:14]} 13. b3
{[%clk 01:34:29]} {[%emt 00:00:49]} Rb4 {[%clk 01:25:05]} {[%emt 00:02:06]} 14.
Bxd6 {[%clk 01:32:49]} {[%emt 00:02:11]} Qxd6 {[%clk 01:24:46]} {[%emt
00:00:49]} 15. Ne2 {[%clk 01:32:02]} {[%emt 00:01:16]} c5 {[%clk 01:24:52]}
{[%emt 00:00:24]} 16. c3 {[%clk 01:29:56]} {[%emt 00:02:35]} Rb8 {[%clk
01:25:09]} {[%emt 00:00:14]} 17. Qf4 {[%clk 01:28:40]} {[%emt 00:01:45]} Rd8
{[%clk 01:25:28]} {[%emt 00:00:12]} 18. Qxd6 {[%clk 01:27:15]} {[%emt
00:01:54]} Rxd6 {[%clk 01:25:52]} {[%emt 00:00:07]} 19. Rad1 {[%clk 01:26:18]}
{[%emt 00:01:27]} Kf8 {[%clk 01:19:11]} {[%emt 00:07:11]} 20. Rfe1 {[%clk
01:22:45]} {[%emt 00:04:02]} Bd7 {[%clk 01:08:22]} {[%emt 00:11:20]} 21. Nf4
{[%clk 01:19:53]} {[%emt 00:03:21]} Bc6 {[%clk 01:07:33]} {[%emt 00:01:19]} 22.
Re5 {[%clk 01:16:56]} {[%emt 00:03:26]} Nd7 {[%clk 00:59:24]} {[%emt 00:08:40]}
23. Re2 {[%clk 01:15:46]} {[%emt 00:01:38]} Nf6 {[%clk 00:55:00]} {[%emt
00:04:57]} 24. Re5 {[%clk 01:13:15]} {[%emt 00:03:00]} Rbd8 {[%clk 00:50:56]}
{[%emt 00:04:35]} 25. Rde1 {[%clk 01:09:46]} {[%emt 00:03:59]} a5 {[%clk
00:42:28]} {[%emt 00:08:58]} 26. c4 {[%clk 01:09:26]} {[%emt 00:00:49]} Re8
{[%clk 00:16:05]} {[%emt 00:26:54]} 27. cxd5 {[%clk 01:08:05]} {[%emt
00:01:50]} Nxd5 {[%clk 00:15:33]} {[%emt 00:01:03]} 28. Rxe8+ {[%clk 01:06:45]}
{[%emt 00:01:51]} Bxe8 {[%clk 00:15:56]} {[%emt 00:00:06]} 29. Nxd5 {[%clk
01:06:17]} {[%emt 00:00:57]} Rxd5 {[%clk 00:16:14]} {[%emt 00:00:12]} 30. Bc4
{[%clk 01:05:52]} {[%emt 00:00:55]} Rd2 {[%clk 00:16:32]} {[%emt 00:00:12]} 31.
Re5 {[%clk 01:02:10]} {[%emt 00:04:11]} Rxa2 {[%clk 00:16:30]} {[%emt
00:00:34]} 32. Rxc5 {[%clk 01:02:31]} {[%emt 00:00:08]} a4 {[%clk 00:13:37]}
{[%emt 00:03:24]} 33. bxa4 {[%clk 01:01:32]} {[%emt 00:01:28]} Rxa4 {[%clk
00:13:24]} {[%emt 00:00:44]} 34. Rc8 {[%clk 01:01:37]} {[%emt 00:00:24]} Ra1+
{[%clk 00:12:37]} {[%emt 00:01:16]} 1/2-1/2

[Event "DVM U16 2023"]
[Site "Magdeburg GER"]
[Date "2023.12.29"]
[Round "5"]
[White "Nönnig, Jakob"]
[Black "Danninger, Hugo Kian"]
[Result "0-1"]
[Termination "normal"]
[Board "1.3"]
[WhiteElo "1789"]
[BlackElo "1787"]
[WhiteClock "00:00:33"]
[BlackClock "00:11:23"]
[WhiteTeam "Schachzwerge Magdeburg"]
[BlackTeam "SC Noris-Tarrasch Nürnberg 1873"]
[PlyCount "74"]
[WhiteFideId "16289447"]
[BlackFideId "16271246"]
[EventCountry "GER"]
[EventRounds "7"]
[EventType "team-swiss"]
[EventDate "2023.12.26"]

1. e4 {[%clk 01:30:57]} {[%emt 00:00:02]} e6 {[%clk 01:30:47]} {[%emt
00:00:13]} 2. d4 {[%clk 01:31:21]} {[%emt 00:00:06]} d5 {[%clk 01:31:14]}
{[%emt 00:00:04]} 3. Nd2 {[%clk 01:31:45]} {[%emt 00:00:05]} Nf6 {[%clk
01:31:40]} {[%emt 00:00:05]} 4. e5 {[%clk 01:32:06]} {[%emt 00:00:08]} Nfd7
{[%clk 01:32:04]} {[%emt 00:00:06]} 5. Bd3 {[%clk 01:32:28]} {[%emt 00:00:08]}
c5 {[%clk 01:32:27]} {[%emt 00:00:07]} 6. c3 {[%clk 01:32:50]} {[%emt
00:00:07]} Nc6 {[%clk 01:32:33]} {[%emt 00:00:26]} 7. Ne2 {[%clk 01:32:55]}
{[%emt 00:00:24]} cxd4 {[%clk 01:32:58]} {[%emt 00:00:05]} 8. cxd4 {[%clk
01:33:17]} {[%emt 00:00:08]} f6 {[%clk 01:33:13]} {[%emt 00:00:16]} 9. exf6
{[%clk 01:32:08]} {[%emt 00:01:39]} Nxf6 {[%clk 01:33:37]} {[%emt 00:00:06]}
10. O-O {[%clk 01:32:27]} {[%emt 00:00:10]} Bd6 {[%clk 01:34:05]} {[%emt
00:00:03]} 11. Nf3 {[%clk 01:32:02]} {[%emt 00:00:55]} Qc7 {[%clk 01:34:25]}
{[%emt 00:00:09]} 12. Nc3 {[%clk 01:30:26]} {[%emt 00:02:06]} a6 {[%clk
01:34:33]} {[%emt 00:00:23]} 13. Bd2 {[%clk 01:28:29]} {[%emt 00:02:26]} O-O
{[%clk 01:34:02]} {[%emt 00:01:02]} 14. h3 {[%clk 01:27:01]} {[%emt 00:01:58]}
Bd7 {[%clk 01:33:39]} {[%emt 00:00:52]} 15. Re1 {[%clk 01:27:04]} {[%emt
00:00:26]} Rae8 {[%clk 01:26:52]} {[%emt 00:07:18]} 16. Rc1 {[%clk 01:23:24]}
{[%emt 00:04:11]} Qb8 {[%clk 01:20:12]} {[%emt 00:07:10]} 17. a3 {[%clk
01:00:17]} {[%emt 00:23:36]} e5 {[%clk 01:09:31]} {[%emt 00:11:12]} 18. dxe5
{[%clk 00:46:45]} {[%emt 00:14:02]} Nxe5 {[%clk 01:09:46]} {[%emt 00:00:15]}
19. Nxe5 {[%clk 00:46:13]} {[%emt 00:01:02]} Bxe5 {[%clk 01:09:53]} {[%emt
00:00:22]} 20. Qc2 {[%clk 00:43:34]} {[%emt 00:03:09]} Bd4 {[%clk 01:03:56]}
{[%emt 00:06:28]} 21. Be3 {[%clk 00:37:17]} {[%emt 00:06:46]} Bxe3 {[%clk
01:04:11]} {[%emt 00:00:16]} 22. Rxe3 {[%clk 00:35:18]} {[%emt 00:02:29]} Rxe3
{[%clk 01:02:07]} {[%emt 00:02:33]} 23. fxe3 {[%clk 00:35:46]} {[%emt
00:00:03]} Qe5 {[%clk 00:31:04]} {[%emt 00:31:33]} 24. Qe2 {[%clk 00:26:01]}
{[%emt 00:10:15]} Re8 {[%clk 00:29:48]} {[%emt 00:01:44]} 25. Re1 {[%clk
00:15:31]} {[%emt 00:11:00]} d4 {[%clk 00:29:15]} {[%emt 00:01:04]} 26. Nd1
{[%clk 00:14:24]} {[%emt 00:01:37]} dxe3 {[%clk 00:23:41]} {[%emt 00:06:05]}
27. Nxe3 {[%clk 00:13:27]} {[%emt 00:01:25]} Bc6 {[%clk 00:23:52]} {[%emt
00:00:20]} 28. Qf2 {[%clk 00:02:34]} {[%emt 00:11:22]} Qd4 {[%clk 00:22:24]}
{[%emt 00:02:00]} 29. Bc4+ {[%clk 00:01:35]} {[%emt 00:01:29]} Kh8 {[%clk
00:22:12]} {[%emt 00:00:40]} 30. Ba2 {[%clk 00:01:25]} {[%emt 00:00:41]} Ne4
{[%clk 00:17:17]} {[%emt 00:05:25]} 31. Qf7 {[%clk 00:00:42]} {[%emt 00:01:14]}
Qxb2 {[%clk 00:15:45]} {[%emt 00:02:01]} 32. Rf1 {[%clk 00:00:55]} {[%emt
00:00:17]} Nf6 {[%clk 00:15:27]} {[%emt 00:00:48]} 33. Rf2 {[%clk 00:00:42]}
{[%emt 00:00:43]} Qc1+ {[%clk 00:13:57]} {[%emt 00:02:00]} 34. Nf1 {[%clk
00:01:09]} {[%emt 00:00:03]} Qc5 {[%clk 00:13:31]} {[%emt 00:00:55]} 35. Ng3
{[%clk 00:01:02]} {[%emt 00:00:39]} Rf8 {[%clk 00:12:01]} {[%emt 00:01:59]} 36.
Qe6 {[%clk 00:00:41]} {[%emt 00:00:51]} Ng4 {[%clk 00:11:01]} {[%emt 00:01:31]}
37. Ne4 {[%clk 00:00:33]} {[%emt 00:00:38]} Qc1+ {[%clk 00:11:23]} {[%emt
00:00:07]} 0-1

[Event "DVM U16 2023"]
[Site "Magdeburg GER"]
[Date "2023.12.29"]
[Round "5"]
[White "Ronsin, Corentin"]
[Black "Petzold, Johannes Julius"]
[Result "1-0"]
[Termination "normal"]
[Board "1.4"]
[WhiteElo "1642"]
[BlackElo "1618"]
[WhiteClock "00:50:26"]
[BlackClock "00:13:44"]
[WhiteTeam "SC Noris-Tarrasch Nürnberg 1873"]
[BlackTeam "Schachzwerge Magdeburg"]
[PlyCount "73"]
[WhiteFideId "34641742"]
[BlackFideId "16289455"]
[EventCountry "GER"]
[EventRounds "7"]
[EventType "team-swiss"]
[EventDate "2023.12.26"]

1. d4 {[%clk 01:30:57]} {[%emt 00:00:01]} Nf6 {[%clk 01:30:56]} {[%emt
00:00:06]} 2. c4 {[%clk 01:31:21]} {[%emt 00:00:04]} g6 {[%clk 01:31:24]}
{[%emt 00:00:03]} 3. Nc3 {[%clk 01:31:44]} {[%emt 00:00:08]} Bg7 {[%clk
01:31:51]} {[%emt 00:00:03]} 4. e4 {[%clk 01:32:06]} {[%emt 00:00:06]} d6
{[%clk 01:32:20]} {[%emt 00:00:03]} 5. Nf3 {[%clk 01:32:31]} {[%emt 00:00:05]}
O-O {[%clk 01:32:45]} {[%emt 00:00:05]} 6. Be2 {[%clk 01:32:56]} {[%emt
00:00:05]} e5 {[%clk 01:33:12]} {[%emt 00:00:03]} 7. Be3 {[%clk 01:33:19]}
{[%emt 00:00:06]} Ng4 {[%clk 01:33:39]} {[%emt 00:00:04]} 8. Bg5 {[%clk
01:33:43]} {[%emt 00:00:05]} f6 {[%clk 01:34:04]} {[%emt 00:00:05]} 9. Bh4
{[%clk 01:34:10]} {[%emt 00:00:03]} g5 {[%clk 01:32:37]} {[%emt 00:01:58]} 10.
Bg3 {[%clk 01:34:35]} {[%emt 00:00:04]} h5 {[%clk 01:33:03]} {[%emt 00:00:04]}
11. h3 {[%clk 01:34:07]} {[%emt 00:00:57]} Nh6 {[%clk 01:33:29]} {[%emt
00:00:05]} 12. d5 {[%clk 01:31:57]} {[%emt 00:02:39]} a5 {[%clk 01:17:28]}
{[%emt 00:16:32]} 13. Nd2 {[%clk 01:28:32]} {[%emt 00:03:55]} g4 {[%clk
01:16:56]} {[%emt 00:01:02]} 14. hxg4 {[%clk 01:27:07]} {[%emt 00:01:55]} hxg4
{[%clk 01:17:18]} {[%emt 00:00:07]} 15. Qc2 {[%clk 01:19:02]} {[%emt 00:08:35]}
Na6 {[%clk 01:13:36]} {[%emt 00:04:13]} 16. a3 {[%clk 01:18:00]} {[%emt
00:01:32]} Nc5 {[%clk 01:08:22]} {[%emt 00:05:45]} 17. Nb3 {[%clk 01:14:32]}
{[%emt 00:03:57]} Nxb3 {[%clk 01:03:16]} {[%emt 00:05:36]} 18. Qxb3 {[%clk
01:14:54]} {[%emt 00:00:07]} f5 {[%clk 01:02:49]} {[%emt 00:00:58]} 19. f4
{[%clk 01:08:08]} {[%emt 00:07:16]} exf4 {[%clk 00:51:42]} {[%emt 00:11:36]}
20. Bxf4 {[%clk 01:08:00]} {[%emt 00:00:38]} Qf6 {[%clk 00:51:33]} {[%emt
00:00:40]} 21. O-O-O {[%clk 01:06:01]} {[%emt 00:02:29]} fxe4 {[%clk 00:46:12]}
{[%emt 00:05:50]} 22. g3 {[%clk 01:05:22]} {[%emt 00:01:08]} Bf5 {[%clk
00:43:53]} {[%emt 00:02:51]} 23. Rdf1 {[%clk 01:03:23]} {[%emt 00:02:28]} a4
{[%clk 00:35:36]} {[%emt 00:08:48]} 24. Qd1 {[%clk 00:59:51]} {[%emt 00:04:01]}
Rae8 {[%clk 00:25:12]} {[%emt 00:10:54]} 25. Be3 {[%clk 00:58:32]} {[%emt
00:01:48]} c6 {[%clk 00:23:55]} {[%emt 00:01:48]} 26. Rf2 {[%clk 00:57:20]}
{[%emt 00:01:41]} b5 {[%clk 00:21:15]} {[%emt 00:03:11]} 27. Qd2 {[%clk
00:53:56]} {[%emt 00:03:52]} Nf7 {[%clk 00:19:40]} {[%emt 00:02:08]} 28. Bxg4
{[%clk 00:53:13]} {[%emt 00:01:13]} Re5 {[%clk 00:18:38]} {[%emt 00:01:32]} 29.
Rhf1 {[%clk 00:52:03]} {[%emt 00:01:38]} Nh6 {[%clk 00:18:38]} {[%emt
00:00:31]} 30. Bxf5 {[%clk 00:52:15]} {[%emt 00:00:19]} Rxf5 {[%clk 00:17:20]}
{[%emt 00:01:49]} 31. Rxf5 {[%clk 00:52:29]} {[%emt 00:00:15]} Nxf5 {[%clk
00:16:48]} {[%emt 00:01:01]} 32. g4 {[%clk 00:52:53]} {[%emt 00:00:06]} b4
{[%clk 00:14:49]} {[%emt 00:02:30]} 33. axb4 {[%clk 00:52:58]} {[%emt
00:00:24]} a3 {[%clk 00:14:59]} {[%emt 00:00:21]} 34. Rxf5 {[%clk 00:52:37]}
{[%emt 00:00:50]} Qg6 {[%clk 00:13:21]} {[%emt 00:02:08]} 35. Rxf8+ {[%clk
00:52:50]} {[%emt 00:00:17]} Kxf8 {[%clk 00:13:47]} {[%emt 00:00:04]} 36. Qf2+
{[%clk 00:50:19]} {[%emt 00:03:01]} Kg8 {[%clk 00:13:44]} {[%emt 00:00:34]} 37.
Qf5 {[%clk 00:50:26]} {[%emt 00:00:21]} 1-0

[Event "DVM U16 2023"]
[Site "Magdeburg GER"]
[Date "2023.12.29"]
[Round "5"]
[White "Bungarten, Jona"]
[Black "Ermitsch, Magnus"]
[Result "0-1"]
[Termination "normal"]
[Board "2.1"]
[BlackTitle "FM"]
[WhiteElo "2085"]
[BlackElo "2273"]
[WhiteClock "00:52:52"]
[BlackClock "00:36:29"]
[WhiteTeam "SF Brackel 1930"]
[BlackTeam "SK Doppelbauer Kiel 1910"]
[PlyCount "68"]
[WhiteFideId "16223608"]
[BlackFideId "16234464"]
[EventCountry "GER"]
[EventRounds "7"]
[EventType "team-swiss"]
[EventDate "2023.12.26"]

1. e4 {[%clk 01:30:58]} {[%emt 00:00:01]} c5 {[%clk 01:30:52]} {[%emt
00:00:08]} 2. d4 {[%clk 01:31:20]} {[%emt 00:00:08]} cxd4 {[%clk 01:31:18]}
{[%emt 00:00:04]} 3. c3 {[%clk 01:31:46]} {[%emt 00:00:04]} Nf6 {[%clk
01:31:43]} {[%emt 00:00:05]} 4. e5 {[%clk 01:32:09]} {[%emt 00:00:07]} Nd5
{[%clk 01:32:09]} {[%emt 00:00:03]} 5. Nf3 {[%clk 01:32:33]} {[%emt 00:00:07]}
e6 {[%clk 01:32:36]} {[%emt 00:00:03]} 6. cxd4 {[%clk 01:32:51]} {[%emt
00:00:11]} d6 {[%clk 01:33:02]} {[%emt 00:00:05]} 7. Bd3 {[%clk 01:31:06]}
{[%emt 00:02:14]} dxe5 {[%clk 01:33:06]} {[%emt 00:00:26]} 8. dxe5 {[%clk
01:30:52]} {[%emt 00:00:45]} Nb4 {[%clk 01:33:29]} {[%emt 00:00:07]} 9. Be4
{[%clk 01:28:13]} {[%emt 00:03:08]} Qxd1+ {[%clk 01:33:52]} {[%emt 00:00:08]}
10. Kxd1 {[%clk 01:28:41]} {[%emt 00:00:03]} Nd7 {[%clk 01:34:11]} {[%emt
00:00:10]} 11. a3 {[%clk 01:26:44]} {[%emt 00:02:27]} Nc6 {[%clk 01:31:27]}
{[%emt 00:03:14]} 12. Bxc6 {[%clk 01:26:01]} {[%emt 00:01:14]} bxc6 {[%clk
01:31:55]} {[%emt 00:00:01]} 13. Nc3 {[%clk 01:26:12]} {[%emt 00:00:19]} Ba6
{[%clk 01:28:38]} {[%emt 00:03:46]} 14. Be3 {[%clk 01:25:20]} {[%emt 00:01:23]}
Rd8 {[%clk 01:25:06]} {[%emt 00:04:02]} 15. Kc2 {[%clk 01:21:06]} {[%emt
00:04:43]} Bc5 {[%clk 01:21:27]} {[%emt 00:04:09]} 16. Rhe1 {[%clk 01:21:03]}
{[%emt 00:00:33]} Ke7 {[%clk 01:13:17]} {[%emt 00:08:40]} 17. Rad1 {[%clk
01:19:12]} {[%emt 00:02:22]} Bxe3 {[%clk 01:13:02]} {[%emt 00:00:45]} 18. Rxe3
{[%clk 01:19:40]} {[%emt 00:00:01]} Nb6 {[%clk 01:13:06]} {[%emt 00:00:26]} 19.
Nd4 {[%clk 01:17:49]} {[%emt 00:02:22]} Bb7 {[%clk 01:10:57]} {[%emt 00:02:38]}
20. Rg3 {[%clk 01:16:51]} {[%emt 00:01:29]} Nc4 {[%clk 01:09:39]} {[%emt
00:01:48]} 21. f4 {[%clk 01:16:01]} {[%emt 00:01:21]} c5 {[%clk 00:59:43]}
{[%emt 00:10:25]} 22. Ndb5 {[%clk 01:12:31]} {[%emt 00:03:59]} Rxd1 {[%clk
00:56:36]} {[%emt 00:03:37]} 23. Nxd1 {[%clk 01:11:59]} {[%emt 00:01:02]} a6
{[%clk 00:52:34]} {[%emt 00:04:33]} 24. b3 {[%clk 01:09:58]} {[%emt 00:02:31]}
Nxe5 {[%clk 00:48:11]} {[%emt 00:04:53]} 25. fxe5 {[%clk 01:07:58]} {[%emt
00:02:30]} axb5 {[%clk 00:48:12]} {[%emt 00:00:29]} 26. Nc3 {[%clk 01:07:59]}
{[%emt 00:00:29]} Bc6 {[%clk 00:44:28]} {[%emt 00:04:13]} 27. a4 {[%clk
01:07:57]} {[%emt 00:00:32]} b4 {[%clk 00:41:45]} {[%emt 00:03:14]} 28. Nb5
{[%clk 01:07:57]} {[%emt 00:00:30]} g6 {[%clk 00:40:31]} {[%emt 00:01:44]} 29.
Nd6 {[%clk 01:04:26]} {[%emt 00:04:01]} Bd5 {[%clk 00:39:23]} {[%emt 00:01:38]}
30. Nb5 {[%clk 00:59:07]} {[%emt 00:05:49]} Rd8 {[%clk 00:37:51]} {[%emt
00:02:00]} 31. Nc7 {[%clk 00:57:12]} {[%emt 00:02:27]} Be4+ {[%clk 00:36:30]}
{[%emt 00:01:51]} 32. Kc1 {[%clk 00:56:45]} {[%emt 00:00:58]} Rd7 {[%clk
00:36:44]} {[%emt 00:00:15]} 33. Re3 {[%clk 00:52:32]} {[%emt 00:04:43]} Bxg2
{[%clk 00:36:44]} {[%emt 00:00:30]} 34. Na6 {[%clk 00:52:52]} {[%emt 00:00:10]}
Bb7 {[%clk 00:36:29]} {[%emt 00:00:45]} 0-1